00439nam a2200181Ia 4500003000400000005001700004008004100021020001800062040000700080041000800087082002100095100002300116245003600139250000600175260004600181300001600227365001400243OSt20230516142839.0210423s2010 xx 000 0 und d a9780321610225 cAL aeng a575.1 223bRUSP aRUSSELL (Peter J). aGenetics: a molecular approach. a3 aNew YorkbPearson Benjamin Cummingsc2010 axix,828bPB b2838cINR